[Event "DGCC-Forks po"]
[Site "?"]
[Date "2011.05.04"]
[Round "1.1"]
[White "Klug, Steffan"]
[Black "Inumerable, Florin"]
[Result "1-0"]
[WhiteElo "2151"]
[BlackElo "2162"]
[Annotator "Friske,Tom"]
[PlyCount "79"]
[SourceDate "2011.05.11"]

1. d4 Nf6 2. c4 e6 3. Nc3 d5 4. Nf3 Be7 5. Bg5 O-O 6. e3 b6 7. cxd5 Nxd5 8.
Bxe7 Nxe7 9. Bd3 Bb7 10. O-O Ng6 11. Be2 c6 12. Qa4 Qd6 13. Rfd1 Nd7 14. b4 Nf6
15. Bd3 Qe7 16. a3 c5 17. dxc5 bxc5 18. b5 Rfd8 19. Ne4 Rxd3 20. Rxd3 Bxe4 21.
Rd2 Bxf3 22. gxf3 Qb7 23. Kg2 Nd5 24. Rad1 h6 25. Qc4 Qe7 26. Qg4 Kh7 27. Kf1
Nc3 28. Rd7 Qf6 29. Rc1 Ne5 30. Rxf7 Nxf7 31. Rxc3 Qxc3 32. Qe4+ g6 33. Qxa8
Qxa3 34. Kg2 Kg7 $4 {missing the threat} (34... Qa5) 35. b6 {and suddenly
White wins} c4 36. b7 c3 37. b8=Q h5 38. Qaxa7 Qc1 39. Qe5+ Kg8 40. Qxe6 1-0

[Event "Forks-DGCC po"]
[Site "?"]
[Date "2011.05.04"]
[Round "1.2"]
[White "Santiago, Teddy"]
[Black "Bungo, Greg"]
[Result "1-0"]
[WhiteElo "1982"]
[BlackElo "2119"]
[Annotator "Friske,Tom"]
[PlyCount "113"]
[SourceDate "2011.05.11"]

1. f4 g6 2. e4 Bg7 3. c3 d5 4. e5 c5 5. d4 cxd4 6. cxd4 Nc6 7. Nf3 h5 8. Bb5
Nh6 9. O-O O-O 10. Nc3 Bg4 11. Bxc6 bxc6 12. h3 Bc8 13. Be3 Nf5 14. Bf2 a5 15.
b3 e6 16. g3 Ba6 17. Re1 Bh6 18. Qd2 Qb6 19. Na4 Qb4 20. Qxb4 axb4 21. Nc5 Bb5
22. g4 hxg4 23. hxg4 Ne7 24. g5 Bg7 25. Nh4 Ra7 26. Rec1 Rfa8 27. Rc2 Nf5 28.
Nxf5 gxf5 29. Be1 Bf8 30. Bxb4 Kg7 31. a4 Bxc5 32. Bxc5 Rb7 33. Rc3 Be2 34. Kg2
Rh8 35. b4 ({I wanted} 35. a5 {to tie down a Rook or Bishop}) 35... Rh4 36. Rh1
Rxf4 37. Rch3 Kg6 38. Rg3 (38. Rh8 $2 {threatens Rg8 mate} {but then I noticed}
Bf3+) 38... Rg4 39. Rh8 Kxg5 40. Rxg4+ Kxg4 41. Rc8 Kf4 42. Kf2 Bc4 43. Rxc6
Ke4 44. b5 f4 45. Rc8 {Somewhere around here, DGCC had won the match (or
boards 1 & 3 result was obvious).. which might explain why things now get a
bit goofy.} Bxb5 46. axb5 Rxb5 47. Ra8 Rb2+ 48. Kf1 f3 49. Ra1 ({I wanted} 49.
Rf8 Kf4 (49... f2 50. Rxf7 Ke3 51. Kg2) 50. Rxf7+ Kg3 {idea Rb1#} 51. Rg7+ Kf4
52. Ra7 f2 53. Ra3 {But, from here, how does White make progress ?} Ke4 54. Kg2
Rd2 55. Ra4) 49... Kf4 (49... f2 {idea Rd2-xd4  would drop the f-Pawn}) (49...
Rd2 {with idea Rxd4 looked promising, but Re1+ messes that up}) 50. Ba3 Rh2 51.
Bc1+ Kg3 (51... Ke4 {wins the d-Pawn because of the backrank problem}) 52. Be3
Rg2 53. Ra8 Re2 54. Rg8+ Kh3 55. Bf2 Re4 56. Rg3+ Kh4 57. Rxf3+ 1-0

[Event "DGCC-Forks po"]
[Site "?"]
[Date "2011.05.04"]
[Round "1.3"]
[White "Egerton, Jim"]
[Black "Levenson, Steve"]
[Result "1/2-1/2"]
[WhiteElo "2028"]
[BlackElo "1961"]
[Annotator "Friske,Tom"]
[PlyCount "99"]
[SourceDate "2011.05.11"]

1. d4 Nf6 2. Bf4 g6 3. e3 Bg7 4. Nf3 O-O (4... Nh5) 5. Be2 d6 6. O-O Nbd7 7. h3
c5 8. c3 b6 9. Nbd2 Bb7 10. Re1 Rc8 11. Bf1 Re8 12. e4 Nh5 13. Bh2 e5 14. Nc4
Qe7 15. dxe5 Nxe5 16. Nfxe5 dxe5 17. Qc2 Red8 18. Rad1 Rc7 19. Rxd8+ Qxd8 20.
Nxe5 Re7 21. Nc4 Rd7 22. Be2 b5 23. Bxh5 bxc4 24. Bf3 Rd2 25. Qa4 Rxb2 26. Rd1
Rd2 27. Rb1 Qa8 {I enjoyed how Black solved his scattered Pawns by making
counter-threats} 28. Bf4 ({Didn't see the downside to} 28. Qxc4 Rc2 29. Qxc5
Rxc3 {and, now at analysis, see} 30. Qb4 {idea is backrank check and Bd6 when
Bg7-f8 blocks it}) 28... Rd3 29. Qxc4 Rxc3 30. Qe2 Bd4 31. Qd2 f6 32. a4 Ra3
33. Qc2 Kg7 34. Bc1 Rc3 35. Qe2 Bc6 36. a5 Qe8 {The rest of the game was
played under horrific time trouble} 37. Bb2 $2 Rb3 38. Qc2 Qb8 39. e5 Rxb2 $2 {
in blitz mode, Black miscalc'd something thinking he was coming out a piece up}
(39... Bxf3 {is curtains}) 40. exf6+ Kxf6 41. Rxb2 Qxb2 42. Qxb2 Bxb2 43. Bxc6
{Neither side recorded moves--- Of course, this is a dead draw (Black needs to
make a passer on both wings, which is near impossible).  But the Forks had
lost three boards so the remaining games all had to be wins.  The Forks
Captain would not allow any draws!!} {So the finish was something like:} c4 44.
Kf1 c3 45. Ba4 Ba3 46. Ke2 Ke5 47. Kd3 Bb4 48. a6 Kd5 49. Kc2 {Jim jumps up
loudly proclaiming "I'm never gonna move my King, so deal with that!!".  Steve
jumps up from his board, pleading.... and I just had to shrug and say "Yea, of
course it's a dead draw". And the Forks hopes were vanquished....  ***DRAW
AGREED***} {***AGAIN, I doubt this is the exact position..... I see, at
analysis,} Bc5 (49... Kc4 {idea Bc5-d4 and walk King to g3}) 50. f3 {and the
Black King can march to g3, where even Bf1 can be chased away from the
base-Pawn at g2.  So White would have a problem to solve.} (50. Kxc3 Bxf2 {is
no-where, Mr Anal-yzer}) 1/2-1/2

[Event "Forks-DGCC po"]
[Site "?"]
[Date "2011.05.04"]
[Round "1.4"]
[White "Granata, Mike"]
[Black "Tan, Gaddiel"]
[Result "0-1"]
[WhiteElo "1920"]
[BlackElo "1806"]
[Annotator "Friske,Tom"]
[PlyCount "95"]
[SourceDate "2011.05.11"]

1. Nf3 Nf6 2. b4 {One detail the Captain forgot is that the DGCC teammates
have surely dealt with this since Kevin Potts plays such stuff from both sides
of the board.} d5 3. c4 e6 4. c5 g6 5. Bb2 Bg7 6. e3 O-O 7. Be2 Re8 8. O-O Nbd7
9. d4 c6 10. a4 Ne4 11. Nbd2 f5 {So we get some kind of Dutch, where White is
way ahead opening the weak Queenside (one of the downsides to Black's opening
system).  See Forks at UOP, Round 10, for another example.} 12. Ne1 Qe7 13. Nd3
e5 14. Re1 Nxd2 15. Qxd2 e4 16. Nc1 Nf8 17. b5 Bd7 18. Nb3 Ne6 19. Na5 Rab8 20.
b6 a6 21. Nxb7 {threatening Bxa6 and two deep passers for the minor} Ra8 {An
interesting choice which threw White in the soup. Little by little, the
game-thread unravels.} 22. Bc3 Rf8 23. f4 exf3 24. Bxf3 Ng5 25. Nd6 Bc8 26.
Rab1 Bb7 {Even so, I thought White was playing a piece up. But where does he
have play ?} 27. Rec1 {Very odd, let's see what the reason was for abandoning
the backward Pawn on an open file.} (27. Rf1 {with eventually g4,  I don't
know, though}) 27... Nf7 28. Nxf7 Rxf7 29. Qd3 Re8 30. Bd2 Bh6 31. Rb3 Rg7 32.
g3 Rf8 33. Bxd5+ {OK, so maybe that's why Rec1 at #27} Kh8 34. Bc4 g5 35. Bc3
g4 36. Bb2 Re8 37. Re1 f4 38. d5 Qxc5 {Despite myself, had to admire Black's
play} 39. Bd4 Qa5 40. Re2 cxd5 41. Bxg7+ Bxg7 42. exf4 Rf8 43. Rb1 Qc5+ 44. Kf1
dxc4 45. Qd7 Bc6 46. Qe7 Qd5 47. Qe3 Bd4 48. Qe4 0-1

[Event "DGCC-Forks po"]
[Site "?"]
[Date "2011.05.04"]
[Round "1.5"]
[White "Potts, Kevin"]
[Black "Bian, Mike"]
[Result "1-0"]
[WhiteElo "1846"]
[BlackElo "1486"]
[Annotator "Friske,Tom"]
[PlyCount "79"]
[SourceDate "2011.05.11"]

1. b4 {Really felt bad that I hadn't prepared my lower-board teammate for this
opening. So wrapped up in whether to play or sit out, never occurred that I
know what Kevin plays !!} e5 2. a3 d5 3. Bb2 Bd6 4. e3 Nf6 5. c4 dxc4 (5... c6
{maintains the center duo}) 6. Bxc4 O-O 7. Nf3 Bg4 8. Qb3 Nbd7 9. Nc3 Nb6 10.
Nb5 Nxc4 11. Qxc4 Re8 12. Ng5 Be6 13. Qh4 h6 14. Ne4 Nxe4 15. Qxe4 Bc8 16. d4
f5 17. Qc2 Qe7 18. Nxd6 cxd6 19. O-O Bd7 20. Rac1 Rac8 21. Qb3+ Be6 22. Qa4 Bc4
23. Rfd1 b5 24. Qc2 e4 {looks good now, but d4-d5 can open some lines} 25. d5
Bxd5 $2 {apparently missing the facts the his Bishop hangs and there's a
backrank check...} 26. Qxc8 Rxc8 27. Rxc8+ Kf7 28. Rxd5 Qb7 {forking Rooks,
but they can get linked up} 29. Rxf5+ Ke6 30. Rcf8 Qc6 31. h3 Qc2 32. Bxg7 Qc1+
33. Kh2 Qxa3 34. Rxb5 a6 35. Rf6+ Kd7 36. Rb6 Qd3 37. Rbxd6+ Qxd6+ 38. Rxd6+
Kxd6 39. Bxh6 Kd5 40. Bf8 1-0

[Event "Forks-DGCC po"]
[Site "?"]
[Date "2011.05.04"]
[Round "1.6"]
[White "Nick, Xan"]
[Black "Romanowitz, Caleb"]
[Result "0-1"]
[WhiteElo "1222"]
[BlackElo "1447"]
[Annotator "Friske,Tom"]
[PlyCount "60"]
[SourceDate "2011.05.11"]

1. e4 c5 2. Nf3 e6 3. d4 cxd4 4. Nxd4 Nc6 5. Nc3 Qc7 6. Bd3 {argggg,  not a
good way to start a game} Nxd4 7. O-O Nf6 8. Be3 Nc6 9. a3 a6 10. a4 Bb4 11.
Ne2 d5 12. c3 Bd6 13. f4 dxe4 14. Bc2 O-O 15. Ng3 Nd5 16. Qd2 f5 17. b4 Ncxb4
18. cxb4 Nxe3 19. Qxe3 Qxc2 20. Qd4 Qd3 21. Qb2 Qe3+ 22. Kh1 Bxf4 23. Ra3 Qd2
24. Qa1 Bxg3 25. Rxg3 Qh6 26. Rd1 Qf6 27. Qc1 e5 28. Qc7 g6 29. Rd6 Rf7 30.
Rd8+ Kg7 0-1

[Event "Pawns-Knights po"]
[Site "?"]
[Date "2011.05.03"]
[Round "1.1"]
[White "Kras, Tim"]
[Black "Fridman, Yuri"]
[Result "0-1"]
[WhiteElo "2143"]
[BlackElo "2266"]
[Annotator "Friske,Tom"]
[PlyCount "74"]
[SourceDate "2011.05.11"]

1. Nf3 Nf6 2. c4 g6 3. Nc3 d5 4. cxd5 Nxd5 5. Qb3 Nxc3 6. Qxc3 f6 7. e3 Bh6 8.
Bc4 e6 9. b3 O-O 10. h4 Nc6 11. Bb2 Qe7 12. a3 Bd7 13. O-O-O a6 14. Qc2 Na5 15.
Be2 c5 16. d3 b5 17. Nd2 Rac8 18. Kb1 e5 19. Rc1 Be6 20. h5 g5 21. Ka1 Rfd8 22.
g3 Qf7 23. Bd1 c4 24. dxc4 bxc4 25. b4 Nb7 26. Bc3 Nd6 27. a4 Bg7 28. h6 Bh8
29. Bh5 Qe7 30. Bf3 f5 31. e4 Bf6 32. Rce1 g4 33. Bg2 Bg5 34. exf5 Nxf5 35.
Rxe5 Bxd2 36. Bxd2 Nd4 37. Qc3 Nb3+ {White flagged} 0-1

[Event "Knights-Pawns po"]
[Site "?"]
[Date "2011.05.03"]
[Round "1.2"]
[White "Morris, Robert"]
[Black "Caveney, Jeff"]
[Result "0-1"]
[WhiteElo "2206"]
[BlackElo "2084"]
[Annotator "Friske,Tom"]
[PlyCount "112"]
[SourceDate "2011.05.11"]

1. d4 Nf6 2. c4 c6 3. Nf3 d6 4. Nc3 Nbd7 5. e4 e5 6. Be2 Be7 7. O-O O-O 8. h3
a6 9. Qc2 Re8 10. Rd1 Qc7 11. Be3 exd4 12. Nxd4 Ne5 13. Nf3 Nxf3+ 14. Bxf3 Be6
15. Ne2 Rad8 16. Nf4 Bc8 17. Nd3 h6 18. Bd4 Qa5 19. e5 dxe5 20. Bc3 Qb6 21.
Nxe5 Bc5 22. b4 Bf8 23. c5 Qc7 24. Nc4 Nd5 25. Bxd5 cxd5 26. Ne3 Be6 27. Qb2
Qf4 28. Be5 Qg5 29. Bc7 Rd7 30. Qe5 Qxe5 31. Bxe5 {Both sides rush to make the
time control} Bxh3 32. Bd6 Bxd6 33. cxd6 ({Most of White's remaining time was
examining here... likely stuff as} 33. Rxd5 Be6 (33... Rxe3 34. fxe3 Bh2+ 35.
Kxh2 Rxd5 36. Kxh3) 34. Rxd6 Rxd6 35. cxd6 Rd8 36. Rd1 Bxa2) 33... Be6 34. Nxd5
Red8 35. Nc7 Rxd6 36. Rxd6 Rxd6 37. Nxe6 Rxe6 38. Kf1 f6 39. Rd1 Re7 40. Rd8+ (
{I mis-entered the move as 40 Rd4,  but following the game play leads to some
interesting observations.} 40. Rd4 Kf7 41. f3 Ke6 42. a4 {The rule is to not
advance Pawns until the base can be defended. Here, White has established the
4th rank, but Black goes after its defender.  Of course, both sides are
heavily relying on intuition (in the time pressure).} f5 43. Kf2 Ke5 44. Ke3 (
44. Rc4 Kd5 {chases the Rook off the 4th}) 44... f4+ 45. Kd3 {The King has
walked away from its fight to hold the 2-3 Pawn imbalance} (45. Rxf4 {actually
is OK !  The Black King can't discover check while attacking the Rook} Rc7 {
idea Rc3+} 46. Re4+ Kd5 47. Rd4+ {repeats position or forces the King to
retreat} (47. g4 Rc4 {captures the Queenside in the Pawn ending})) 45... Rc7)
40... Kf7 41. f3 Ke6 42. a4 f5 43. Kf2 Ke5 44. Ke3 f4+ 45. Kd3 Rc7 46. Re8+ Kf5
47. a5 (47. Re4 {allows the King to return to the Kingside, even if trapped
against 1st rank.  But then the White Rook could attack on the 7th.}) 47...
Rd7+ 48. Kc3 (48. Ke2 Rd4 49. Re7 Rxb4 50. Rxg7 Ra4 (50... Rb5 {just delays
White's Rxb7}) 51. Rxb7) 48... Kg5 49. b5 axb5 50. Re5+ Kh4 51. Rxb5 Kg3 52.
Rb2 h5 {Sending the Pawn to undermine the opponent's formation} 53. Kc4 h4 54.
Kc5 h3 55. gxh3 Kxf3 56. Kb6 Kg3 0-1

[Event "Pawns-Knights po"]
[Site "?"]
[Date "2011.05.03"]
[Round "1.3"]
[White "Korenman, K."]
[Black "Thomson, Jim"]
[Result "0-1"]
[WhiteElo "1989"]
[BlackElo "2005"]
[Annotator "Friske,Tom"]
[PlyCount "58"]
[SourceDate "2011.05.11"]

1. e4 c5 2. c3 Nf6 3. e5 Nd5 4. d4 cxd4 5. cxd4 d6 6. f4 Qa5+ 7. Qd2 Nc6 8. Nc3
Bf5 9. Bd3 $2 {allowing some real trouble because of a possible Knight fork on
c2 (which is based on the overloaded Queen)} Bxd3 10. Qxd3 Ndb4 11. Qd1 Nxd4
12. Kf2 (12. Qxd4 $4 Nc2+ {wins Queen}) 12... dxe5 13. Nf3 {The battle is
whether White can coordinate his pieces and get compensation before Black
completes his development.} Rd8 ({I'd prefer mobilizing the forces with} 13...
e6 {idea Bc5}) 14. a3 {This does nothing to stop a discovery. Maybe he was
depending on axb4 after Nxa1, but Black has a zwischenzig with the b-Knight.} (
14. Bd2 {Blocks the d-file and gives the Rook an escape at c1.} Nd3+ 15. Kg3 {
may generate some counterattack, but White's King is a bit exposed}) 14... Ndc2
15. Qe2 Nd3+ 16. Kg3 Nxa1 17. fxe5 Nxc1 18. Rxc1 Nb3 19. Re1 e6 {"finally!"}
20. Qc4 Nd2 21. Nxd2 Rxd2 22. Nb5 Rd7 23. b4 Qd8 24. Rc1 {Nc7+ looks
troublesome, but...} Qg5+ 25. Kf3 Qf5+ 26. Ke3 ({Nothing changes with} 26. Kg3
Qxe5+ 27. Kf3 Bd6) 26... Qg5+ 27. Kf3 Qf5+ {White must walk his King onto a
square where Black can capture and check !} 28. Ke3 Qxe5+ 29. Kf2 Bd6 0-1

[Event "Knights-Pawns po"]
[Site "?"]
[Date "2011.05.03"]
[Round "1.4"]
[White "Balicki, Jeff"]
[Black "Latimer, Ed"]
[Result "1-0"]
[WhiteElo "1799"]
[BlackElo "1933"]
[Annotator "Friske,Tom"]
[PlyCount "57"]
[SourceDate "2011.05.11"]

{This is my favorite game of the 1st Round. Between an early transpostion and
equally early sacrificial lines, there was plenty of fireworks (threatened and
played!).} 1. d4 c5 2. e4 d6 3. Nf3 {So they've transposed a "1 d4" opening
into a Sicilian Defense ("1 e4" opening).} g6 4. Bc4 Bg7 5. c3 Nd7 {probably
concerned with e4-e5 themes if he'd played Nf6 immediately} (5... Nf6 6. e5
dxe5 7. Nxe5) 6. Bg5 {no time for such a slow move !} ({I spent a lot time 
(during the game) examining} 6. Bxf7+ Kxf7 7. Ng5+ Ke8 8. Ne6 Qa5 9. Nxg7+ Kf7
{but, with the Knight trapped, couldn't see how White continues} 10. Nh5 gxh5
11. Qxh5+ {nets a couple Pawns for the piece, but not too fond of this mess.})
6... a6 {no time for such a slow move !} 7. Qb3 Ngf6 8. Bxf7+ Kf8 9. e5 dxe5
10. dxe5 Ne8 11. O-O b5 (11... Nxe5 $2 12. Bd5 {idea Re1   only intensifies
the pressure by opening the e-file} (12. Re1 $2 Nxf7 13. Bxe7+ Qxe7 14. Rxe7
Kxe7 {White gives up too much winning the Queen})) 12. Bd5 {gaining a tempo
thanks to Black's last} Ra7 13. Nbd2 Nb6 14. Be4 Nc7 15. Rad1 Qe8 16. Qc2 Ne6
17. Be3 Kf7 18. Nh4 {sac's appear at g6} Bb7 19. f4 ({Black had covered one
threat with his last move:} 19. Nxg6 $2 Bxe4) ({But there was also the
combination:} 19. Bxg6+ $1 {The sacrifice must be accepted !} hxg6 20. Qxg6+
Kf8 {(also forced)} 21. Qxe6 {with two threats: Ng6+ (mate wins Queen) and Qxb6
} Rxh4 {(also forced)} 22. Qxb6 Qb8 23. Nf3 {and White has Nxh4 or Rd8+  both
winning major material !   It was pure joy to see the pieces so active, they
just played themselves !!}) 19... Qc8 {Now Bxg6+ doesn't work} {But White had
other threats, anyhow....} 20. f5 gxf5 21. Nxf5 Ke8 {There has to be an
immediate mate here with the Rooks hemming in the King} 22. Nxg7+ Nxg7 23. Nf3
{White doesn't have to be in a hurry} ({Again, I was delving into throwing the
pieces around (it's a nice luxury to stand around watching, not having to
worry about if it works out)} 23. Bg6+ Kd7 (23... hxg6 24. Qxg6+ Kd7 25. Nc4+
Kc7 26. Qxb6+ Kb8 27. Bxc5) 24. e6+ (24. Bf5+ e6 25. Nc4+ Kc7) 24... Kc7 (24...
Nxe6 25. Nc4+ Kc7) 25. Bf4+ Kc6 26. Be4+ Nd5 27. Bxd5+ Kb6 (27... Kxd5 28. Qe4#
) 28. Nc4+ bxc4) 23... Nc4 24. Bc1 {I loved White's retreats only improving
the pieces !} Qg4 25. Bxh7 {I see the hangman's noose.} e6 26. b3 ({No need to
give Black any chances after} 26. Ng5 Nxe5 27. Bg6+ Ke7 (27... Nxg6 $4 28.
Qxg6+ Ke7 29. Qf7#)) 26... Nb6 27. Ng5 Bd5 28. Qg6+ {White is aware that Black
threatens Qxg2#, so he can't get too crazy winning material} Kd7 29. Rxd5+ $1 {
idea Rf7+ and Q-check somewhere on the 6th} (29. Qxg7+ $4 Kc6 {The Queen is
attacked and that Qxg2# threat must be solved.}) 1-0

[Event "Pawns-Knights po"]
[Site "?"]
[Date "2011.05.03"]
[Round "1.5"]
[White "Holloway, Matt"]
[Black "Cherkassky, Georgiy"]
[Result "1/2-1/2"]
[WhiteElo "1793"]
[BlackElo "1764"]
[Annotator "Friske,Tom"]
[PlyCount "103"]
[SourceDate "2011.05.11"]

1. d4 e6 2. c4 d5 3. Nc3 Nf6 4. Bg5 Be7 5. e3 O-O 6. Nf3 Nbd7 7. Qc2 b6 8. Bxf6
Nxf6 9. Ne5 Bb7 10. cxd5 exd5 11. Bd3 c5 12. g4 h6 13. h4 Nd7 14. Nxd7 Qxd7 15.
Bf5 (15. g5 h5) 15... Qc6 16. g5 h5 17. Bh7+ Kh8 18. g6 {ick!  Black doesn't
have to capture, and the White Bishop is useless.} cxd4 19. exd4 Qe6+ 20. Qe2
Qxe2+ 21. Kxe2 f6 {So White is an effective piece down.  Black only needs to
assure that he doesn't need his King (as in an endgame.} 22. Kf3 (22. Rh3 {
Maybe the immediate theme should be Rf3-f5-xh5, to clear the way for his
h-Pawn to reach h6 and eventually free the Bishop.} Rad8 (22... Bc8 {covers f5
with attack on Rook, but d5 and Be7 hang, so...} 23. Re3) 23. Rf3 Bc8 24. Re3
Rfe8 25. Re1 {would be a killer if his King wasn't in the way !}) ({The 22 Rh3
analysis makes me think the King belongs on d2, holding c3, getting off the
e-file} 22. Kd2) 22... Bb4 23. Nb5 Rfc8 24. a3 Ba6 25. Nxa7 Rxa7 26. axb4 Rca8
{Black can have backrank problems, he must be (was) careful !} 27. Rhe1 (27.
Rae1) 27... Be2+ 28. Rxe2 Rxa1 {From a material view, Black is ahead.  But a
practical view quickly reveals that Black must keep a Rook ready to drop back
to his backrank, so that piece has no long-term hopes.  An interesting balance.
} 29. Re6 Rb1 30. Rxb6 Rxb2 {As long as White avoids mate, he is at least
equal.} 31. b5 Rb4 32. Rb7 Rxd4 33. Rc7 Rb4 34. Rb7 (34. Rc5 Rd8 (34... d4 35.
Rd5 (35. Rxh5 $2 Rd8 {One Rook pushes the Pawn down, the other keeps the
opposing King from blocking it.}))) 34... Rxh4 35. b6 (35. Rd7 d4 36. b6 d3 $1
37. b7 (37. Rxd3 $2 Rh3+) 37... Rb8 38. Ke3 Rb4) 35... Rb4 36. Rd7 Rxb6 37.
Rxd5 Rb3+ 38. Kf4 h4 39. Kf5 Re8 40. Kg4 h3 41. f4 h2 42. Rd1 Rbe3 43. Rh1 Re2
44. Kf3 $2 Rb2 $2 ({Black misses mate !!} 44... f5 $1 {idea R8e3#} 45. Kg3
R8e3+ 46. Kh4 Rg2 {idea Rg4+,Rh3#} 47. Kh5 {to avoid Rg4+} Rh3#) 45. Kg3 Ree2
46. Rd1 Rb3+ 47. Kh4 Rb8 48. Kg3 Rbe8 49. Rb1 R8e3+ {Black is apparently only
aware of mating themes.} (49... f5 {isn't as strong with the White Rook active}
50. Ra1 (50. Kh4 $4 {idea Kg5} Rg2 51. Rh1 (51. Kh3 Rg1 {and wins}) 51... Re3 {
rebuilds that mating position from move 44}) 50... Re1 (50... R8e3+ 51. Kh4 {
Black has no time for Rg2 here})) (49... Re1 $1 {wins, key threat is simply
queening} 50. Rxe1 Rxe1 51. Kxh2 Rf1 52. Kg3 {Not holding the Pawn will allow
the same ending, but with the f-Pawn already won.} Rh1 53. Kg4 Rxh7 {this is
the key to the ending-- Black goes up a Pawn with his in prime position to win
any Pawn ending (The rule is: passer not moved two squares cannot lose to King
opposition).} 54. gxh7 Kxh7 55. f5 (55. Kf5 Kh6 56. Kg4 (56. Ke6 $4 g5 $1 57.
f5 (57. fxg5+ fxg5 58. Kf5 Kh5 59. Ke4 Kg4 60. Ke3 Kg3 {is obvious win}) 57...
g4 {Black queens just in time !} (57... Kg7 58. Kd5 Kf7 {is slower})) (56. Ke4
g6) 56... g6) (55. Kh5 g6+) 55... Kh6 {Black wins the f-Pawn} 56. Kf4 (56. Kg3
Kg5) ({same as mainline is} 56. Kf3 Kg5 57. Ke4 Kg4) 56... Kh5 57. Kf3 Kg5 58.
Ke4 Kg4) 50. Kh4 Rf3 {This is the recorded move, but he absolutely did not
allow the backrank mate.} 51. Kg4 Rfe3 52. Kh4 {and with a frustrated sigh,
Black accepted the draw.} 1/2-1/2

[Event "Knights-Pawns po"]
[Site "?"]
[Date "2011.05.03"]
[Round "1.6"]
[White "Augsburger, Len"]
[Black "Fabijonas, Ray"]
[Result "1-0"]
[WhiteElo "1782"]
[BlackElo "1448"]
[Annotator "Friske,Tom"]
[PlyCount "83"]
[SourceDate "2011.05.11"]

1. e4 e5 2. Nf3 Nc6 3. Bb5 Nf6 4. O-O d6 5. d4 Bg4 6. dxe5 Bxf3 7. Qxf3 dxe5 8.
Rd1 Bd6 9. c4 Qe7 10. a3 O-O 11. Bxc6 bxc6 12. b4 c5 13. b5 a6 14. Nc3 Qe6 15.
Bg5 Nd7 16. Nd5 f6 17. Bd2 f5 18. Bc3 Nb6 19. Qe2 axb5 20. cxb5 fxe4 21. Qxe4
Ra4 22. Qc2 Nxd5 23. Rxd5 Raf4 {Black visibly relaxed here.} 24. Rd2 Qh6 25.
Re2 e4 26. Bd2 Qh5 27. Bxf4 Rxf4 28. g3 Rf3 29. Qxe4 Rf8 30. a4 h6 31. Rae1 Qf7
32. Qe6 Ra8 33. Qxf7+ Kxf7 34. Ra2 Ra5 35. Kg2 Kf6 36. Kf3 Kf5 37. h3 g5 38.
g4+ Kf6 39. Re4 Bf4 40. Ke2 Be5 41. Kd3 Ke6 42. Rae2 1-0